[Event "Nuremberg Zabo op 18th"]
[Site "Nuremberg"]
[Date "2016.09.16"]
[Round "1"]
[White "Boss, Rolf"]
[Black "Dillinger, Hans"]
[Result "1-0"]
[WhiteElo "2001"]
[BlackElo "1562"]
[PlyCount "45"]
[EventDate "2016.09.16"]
[EventType "swiss"]
[EventRounds "5"]
[EventCountry "GER"]
[SourceTitle "EXT 2018"]
[Source "ChessBase"]
[SourceDate "2017.10.13"]
[SourceVersion "1"]
[SourceVersionDate "2017.10.13"]
[SourceQuality "1"]

1. d4 d5 2. c4 c6 3. Nf3 Nf6 4. Nc3 dxc4 5. a4 Bf5 6. Ne5 e6 7. f3 h6 8. e4 Bh7 9. Be3 Bb4 10. Bxc4 Nbd7 11. Nd3 Qe7 12. a5 Bxc3+ 13. bxc3 Bxe4 14. fxe4 Nxe4 15. 0-0 Ndf6 16. Qb3 Ng4 17. Bc1 Qh4 18. h3 Ng3 19. Re1 Nf6 20. Ba3 Nge4 21. Qxb7 Nd5 22. Qxc6+ Kd8 23. Rxe4 1-0